| 000 | 01571cam a22003251i 4500 | ||
|---|---|---|---|
| 003 | SA_RiAUC | ||
| 005 | 20260211135503.0 | ||
| 008 | 260128q19001999xx g 000 0 ara c | ||
| 040 |
_aSA-MaUQU _bara _cSA-RiAUC _erda |
||
| 082 | 0 | 4 |
_a243 _qSA-RiAUC |
| 090 |
_aم ن 243 _bب ا ب |
||
| 100 | 1 |
_aبابصيل، محمد سعيد بن محمد، _d1245-1330 هجري _eمؤلف. |
|
| 245 | 1 | 0 |
_aرسالة في ذكر أحوال الموتى والقبور وذكر البعث والنشور والنار والجنة وغير ذلك / _cمحمد سعيد بن محمد بابصيل. وبهامشه الدرر الحسان في البعث ونعيم الجنان / لجلال الدين السيوطي. |
| 264 | 1 |
_a[مكان النشر غير محدد] : _b[الناشر غير محدد]، _c[بين 1900 و1999] |
|
| 300 |
_a82 صفحة ؛ _c29 سم |
||
| 336 |
_aنص _btxt _2rdacontent _3كتاب |
||
| 337 |
_aبدون وسيط _bn _2rdamedia |
||
| 338 |
_aمجلد _bnc _2rdacarrier |
||
| 650 | 7 |
_aالسمعيات _2aucsh |
|
| 650 | 7 |
_aالموت (إسلام) _2aucsh |
|
| 650 | 7 |
_aيوم القيامة _2aucsh |
|
| 650 | 7 |
_aالجنة _2aucsh |
|
| 650 | 7 |
_aجهنم _2aucsh |
|
| 650 | 7 |
_aالمقابر (فقه إسلامي) _2aucsh |
|
| 650 | 7 |
_aالبعث (إسلام) _2aucsh |
|
| 700 | 1 | 2 |
_aالجلال السيوطي، عبد الرحمن بن أبي بكر بن محمد، _d849-911 هجري |
| 740 | 2 | 2 | _aالدرر الحسان في البعث ونعيم الجنان. |
| 942 |
_2ddc _cRBOOK COPY _n0 |
||
| 949 |
_aSA-JeALM _d260128 _umohamedma123 _n1 |
||
| 999 |
_c14319 _d14319 |
||